How to intrepret the constitution (Record no. 1238273)

MARC details
000 -LEADER
fixed length control field 00589nam a22002057a 4500
005 - DATE AND TIME OF LATEST TRANSACTION
control field 20250129164500.0
008 - FIXED-LENGTH DATA ELEMENTS--GENERAL INFORMATION
fixed length control field 250127b |||||||| |||| 00| 0 eng d
020 ## - INTERNATIONAL STANDARD BOOK NUMBER
International Standard Book Number 978-0-691-25204-9
037 ## - SOURCE OF ACQUISITION
Terms of availability TB
040 ## - CATALOGING SOURCE
Original cataloging agency AL
Transcribing agency AL
084 ## - COLON CLASSIFICATION NUMBER
Classification number V2:2 R3
Assigning agency AL
100 ## - MAIN ENTRY--PERSONAL NAME
Personal name Sunstein, Cass R.
9 (RLIN) 150050
245 ## - TITLE STATEMENT
Title How to intrepret the constitution
260 ## - PUBLICATION, DISTRIBUTION, ETC.
Place of publication, distribution, etc. New Jersey,USA:
Name of publisher, distributor, etc. Princeton University Press,
Date of publication, distribution, etc. 2023
300 ## - PHYSICAL DESCRIPTION
Extent 195p.
546 ## - LANGUAGE NOTE
Language note eng
650 ## - SUBJECT ADDED ENTRY--TOPICAL TERM
Topical term or geographic name entry element Constitution
942 ## - ADDED ENTRY ELEMENTS (KOHA)
Source of classification or shelving scheme Colon Classification (CC)
Koha item type Textbook
Classification part V2:2 R3
Suppress in OPAC No
Holdings
Withdrawn status Lost status Source of classification or shelving scheme Damaged status Not for loan Home library Current library Date acquired Total Checkouts Full call number Barcode Date last seen Price effective from Koha item type
    Colon Classification (CC)     Arts Library Arts Library 2025-01-27   V2:2 R3 AL1804136 2025-01-27 2025-01-27 Textbook
Copyright @ Delhi University Library System